000
00310 a2200157 4500
001
160448
020
_a
040
_c
Magnum
100
_a
Bloch, Pedro
240
1
0
_a
Bulunga o rei azul
_l
por
245
1
0
_a
Bulunga o rei azul
362
0
_a
1899
440
1
_a
Moderna
697
_a
IJ/GERAL
942
_c
BK
999
_c
160448
_d
160448